000 00278nam a22001097a 4500
008 170120b xxu||||| |||| 00| 0 eng d
020 _a0879094850
041 _aeng
080 _a618.2
245 _aMANAGEMENT PRACTICES FOR THE HEALTH PROFESSIONAL
_cLONGEST, B.B
942 _2udc
_cBK
999 _c3289
_d3289